[Event "Moscow Open RSSU Cup 2019"]
[Site "Moscow"]
[Date "2019.02.02"]
[Round "8"]
[White "Sjugirov, Sanan"]
[Black "Ponkratov, Pavel"]
[Result "1-0"]
[WhiteElo "2663"]
[BlackElo "2630"]
[Annotator "TA"]
[PlyCount "97"]
[EventDate "2019.01.26"]
[EventType "swiss"]
[EventCountry "RUS"]
[SourceTitle "playchess.com"]
[Source "ChessBase"]
[SourceQuality "1"]

{[%evp 9,97,-7,-9,-14,-9,-12,-18,-27,-6,-13,0,-10,-21,-7,0,-29,24,26,16,0,85,72,75,75,81,6,89,71,160,158,153,148,112,56,139,137,140,128,148,166,165,133,204,166,156,167,314,242,228,212,229,310,315,315,310,302,297,284,610,605,587,595,681,393,821,795,906,950,868,845,760,0,826,746,750,729,848,829,712,435,857,574,574,568,956,802,1823,1184,1179,614]} 1. c4 $146 (1. d4 Nf6 2. c4 e6 {0-1 (26) Mamedyarov,S (2817)-Nakamura,H (2746) Kolkata 2018}) ({Predecessor:} 1. d4 Nf6 2. c4 e6 {0-1 (29) Lan,Z (2346)-Xu,Y (2522) China 2018}) 1... Nf6 2. Nf3 e6 3. d4 a6 (3... d5 4. Bg5 dxc4 5. Nc3 {0-1 (26) Mamedyarov,S (2817)-Nakamura,H (2746) Kolkata 2018}) ({Predecessor:} 3... d5 4. Nc3 {0-1 (29) Lan,Z (2346)-Xu,Y (2522) China 2018}) 4. Nc3 d5 5. Bg5 dxc4 6. e4 {D24: Queen's Gambit Accepted: 3 Nf3 Nf6 4 Nc3} (6. a4 c6 7. e3 b5 8. axb5 cxb5 9. Bxf6 gxf6 10. Nxb5 axb5 11. Rxa8 Bb7 12. Ra1 Bb4+ 13. Ke2 O-O 14. Qc2 {0-1 (26) Mamedyarov,S (2817)-Nakamura,H (2746) Kolkata 2018}) 6... b5 7. e5 h6 8. Bh4 {[%mdl 64] Pin. The position is equal.} g5 9. Nxg5 $1 hxg5 10. Bxg5 {[%mdl 64] Pin} Nbd7 11. Be2 Bb7 12. Bf3 {[#]} Bxf3 ({Black should try} 12... Nxe5 $1 {[%mdl 512]} 13. Bxb7 (13. dxe5 Qxd1+ 14. Rxd1 Bxf3 $15) 13... Nd3+ 14. Kf1 Be7) ({Predecessor:} 12... Nxe5 13. Bxb7 Nd3+ {0-1 (29) Lan,Z (2346)-Xu,Y (2522) China 2018}) 13. Qxf3 $11 {[%mdl 64] Pin} Be7 $1 {Strongly threatening ...Nd5.} 14. exf6 Bxf6 (14... Nxf6 $11 15. O-O b4) 15. Ne4 $16 Bxg5 16. Nxg5 {[%csl Gg5][%cal Rf3f7]} Rf8 17. a4 ({White should play} 17. O-O $16) 17... Rb8 (17... Nb6 $1 $11 18. Qc6+ {[%mdl 64] Double Attack} Qd7 19. axb5 Qxc6 20. bxc6 Nd5) 18. h4 Nb6 {[#]} (18... Nf6 $142) 19. axb5 $1 axb5 {[#]} 20. O-O $1 $36 {[%mdl 2048] Black is under strong pressure.} Qd5 21. Ne4 (21. Qf4 $16) 21... Nd7 (21... Qf5 $1 $14) 22. Ra7 Rc8 23. Qf4 Rg8 24. Re1 Ke7 25. Ng3 ({Not} 25. Rxc7 Rxc7 26. Qxc7 Rg4 $11) 25... Rg6 (25... Kf8 $16 26. Ra6 Rg6) 26. Rxc7 Rxc7 27. Qxc7 {Black must now prevent Re5.} Rg4 (27... Rf6 $142) 28. Re5 $1 $18 {White wants to mate with Nf5+.} Qa8 {Black wants to play ...Qa1+.} 29. d5 Qa1+ 30. Nf1 {Hoping for d6+.} Qd1 31. dxe6 fxe6 32. Rxb5 Rxh4 33. Rb8 Kf7 $2 (33... Rh1+ 34. Kxh1 Qxf1+ 35. Kh2 Qxf2) 34. Rd8 Ke7 35. Ra8 Rh5 36. Qxc4 Qd5 $2 (36... Qb1 37. Qb4+ Kf7 38. Qf4+ Ke7 39. Qb4+ Kf7 40. Qf4+ Ke7 41. Qb4+) 37. Qc8 Qd1 38. Qd8+ Kf7 39. Qg8+ Kf6 40. Qd8+ Kf7 $1 41. Ra7 {White is clearly winning.} Rd5 42. b4 {[%cal Bb2b4,Bb4b5,Bb5b6][%mdl 32]} Qd4 43. Rc7 Qd3 44. Rb7 Kg6 (44... Rd6 $142 45. Rc7 Rd4) 45. Qe8+ Kf6 46. b5 Qd1 47. b6 Ke5 48. Qh8+ Kd6 {[#]} 49. Rxd7+ $1 {Accuracy: White = 71%, Black = 35%.} 1-0

[Event "Moscow Open RSSU Cup 2019"]
[Site "Moscow"]
[Date "2019.02.02"]
[Round "8"]
[White "Lysyj, Igor"]
[Black "Fedorov, Alexei"]
[Result "1-0"]
[WhiteElo "2633"]
[BlackElo "2557"]
[Annotator "TA"]
[PlyCount "83"]
[EventDate "2019.01.26"]
[EventType "swiss"]
[EventCountry "RUS"]
[SourceTitle "playchess.com"]
[Source "ChessBase"]
[SourceQuality "1"]

{[%evp 22,83,45,49,54,50,60,47,50,55,62,28,46,55,114,118,116,101,136,34,208,213,205,205,218,207,202,213,198,228,281,254,598,593,584,591,546,489,535,494,498,502,497,500,468,458,1739,1693,5756,5519,29944,6328,6482,4901,1994,0,618,621,612,608,597,596,572,570]} 1. d4 Nf6 2. c4 g6 3. Nc3 Bg7 4. e4 d6 5. Nf3 {[%cal Bg1f3,Bf3d4,Bd4b3][%mdl 32]} O-O 6. Be2 e5 7. O-O Nbd7 8. Be3 Re8 9. Qc2 exd4 10. Nxd4 c6 11. Rad1 a6 {E94: King's Indian: Classical: 6 Be2 e5 7 0-0: Various Black 7th moves} 12. f3 {LiveBook: 5 Games} Qc7 13. g4 $146 ({Predecessor:} 13. Qd2 Ne5 14. Rc1 Bd7 15. Rfd1 Rad8 16. a4 a5 17. Bf1 Bc8 18. Qf2 Qe7 19. Nb3 {0-1 (32) Feller,S (2523)-Bacrot,E (2691) Pau 2008}) 13... h6 {White is slightly better.} 14. Qd2 Kh7 15. Nb3 Bf8 16. g5 hxg5 17. Bxg5 Nh5 {[#]} ({Better is} 17... Bg7 $14) 18. f4 $1 $16 {[%cal Bf3f4,Bf4f5][%mdl 32]} Ndf6 19. f5 $36 {[%mdl 2048] Black must now prevent Bxf6. Black is under strong pressure.} Bg7 20. Qe1 (20. Bf3 $16) 20... Rh8 $2 ({Black should play} 20... Nxe4 $14 21. Bxh5 Bxf5) 21. Qh4 $18 {Strongly threatening fxg6+.} Kg8 {Black hopes to continue with ...gxf5.} 22. fxg6 fxg6 23. c5 d5 24. exd5 cxd5 25. Rxd5 Be6 26. Bc4 {[%cal Be2c4,Bc4d5,Bd5e4,Be4c2][%mdl 32]} Nxd5 $2 (26... Rf8 {is tougher.}) 27. Nxd5 Bxd5 28. Bxd5+ Kh7 29. Be4 {[#] White threatens Qxh5+ and mate.} Qe5 30. Re1 {aiming for Bd3.} Raf8 {and the idea ...Rf5 leaves Black hopeful.} 31. Bc2 Qd5 32. Qxh5+ $1 Kg8 33. Qg4 ({But not} 33. Qxg6 Rxh2 34. Be4 (34. Kxh2 $2 {gets mated.} Rf2+ 35. Kh3 Qf3+ 36. Kh4 Rh2#) 34... Qe5 $18) 33... Rxh2 (33... Qf7 $142 34. Qg2 Rh5) 34. Kxh2 Rf2+ 35. Kg1 Rxc2 36. Re8+ Kf7 37. Re7+ Kg8 38. Re8+ Kf7 39. Rd8 {Intending Qf4+ and mate.White is clearly winning.} Qf5 40. Rd7+ Kg8 {( -> ...Qf2+)} 41. Qxf5 gxf5 42. Rxb7 {Precision: White = 71%, Black = 43%.} 1-0

[Event "Moscow Open RSSU Cup 2019"]
[Site "Moscow"]
[Date "2019.02.02"]
[Round "8"]
[White "Kokarev, Dmitry"]
[Black "Hayrapetyan, Hovik"]
[Result "0-1"]
[WhiteElo "2605"]
[BlackElo "2434"]
[Annotator "TA"]
[PlyCount "108"]
[EventDate "2019.01.26"]
[EventType "swiss"]
[EventCountry "RUS"]
[SourceTitle "playchess.com"]
[Source "ChessBase"]
[SourceQuality "1"]

{[%evp 22,108,43,27,57,32,47,81,85,85,94,80,162,156,168,175,174,140,170,181,216,220,261,239,276,215,213,178,315,122,217,191,189,185,212,170,166,66,78,0,0,0,0,-200,-193,-187,-187,-227,-227,-227,-229,-264,-258,-264,-263,-256,-256,-256,-256,-256,-256,-241,-241,-489,-489,-489,-462,-489,-489,-576,-572,-558,-558,-731,-704,-1304,-1293,-2204,-1793,-1729,-1764,-806,-798,-1781,-1654,-1872,-1595,-1516,-1080]} 1. e4 c5 2. Nf3 Nc6 $146 ({Predecessor:} 2... d6 3. d4 cxd4 4. Nxd4 Nf6 5. Nc3 {1-0 (62) Leko,P (2730)-Dubov,D (2619) Loo 2014}) 3. d4 cxd4 4. Nxd4 Nf6 5. Nc3 d6 6. Bg5 e6 7. Qd2 Be7 ({Predecessor:} 7... a6 8. O-O-O {1-0 (62) Leko,P (2730)-Dubov,D (2619) Loo 2014}) 8. O-O-O a6 9. f4 Bd7 10. Nf3 b5 11. Bxf6 gxf6 12. Kb1 ({Predecessor:} 12. f5 h5 {1-0 (62) Leko,P (2730)-Dubov,D (2619) Loo 2014}) 12... h5 {B69: Sicilian: Richter-Rauzer: 7...a6 8 0-0-0 Bd7 9 f4 Be7 10 Nf3 b5 11 Bxf6} 13. f5 Ne5 ({Predecessor:} 13... Qb6 14. Bd3 Ne5 15. fxe6 fxe6 16. Rhf1 b4 17. Ne2 Ng4 18. Rde1 Bf8 19. Nf4 Bh6 20. g3 {1-0 (62) Leko,P (2730)-Dubov,D (2619) Loo 2014}) 14. fxe6 fxe6 {White is better.} 15. Ne2 $1 Qb6 16. Nf4 $1 Nxf3 (16... Ng4 $16) 17. gxf3 $18 Kf7 18. Bh3 ({Much less strong is} 18. Qg2 $6 Rag8 $14) 18... Rag8 19. Rhe1 Bc8 20. a3 Rg5 21. Ne2 $1 a5 22. f4 $1 {[%cal Rf4g5]} Rc5 23. Nc1 b4 24. a4 Bd7 (24... e5 $142) 25. e5 $2 (25. Nb3 $18) 25... f5 (25... Rd5 $16 26. Qe2 Rxd1 27. Rxd1 f5) 26. exd6 Bf6 27. Qe2 b3 28. Nxb3 Rc6 29. Qd3 (29. Qd2 $18 {Black must now prevent Bxf5!} Rc5 30. Qe3 {[%mdl 64] Pin}) 29... Rhc8 $14 {[#]} 30. Re2 (30. Rd2 $1 $16 {And now Bxf5! would win.} Rc3 31. bxc3 Rxc3 32. Qe2 Rxh3 33. Rd3 Rxd3 34. Qxd3) 30... Rc3 $1 $11 {[%cal Rc3d3]} 31. bxc3 Rxc3 32. Bxf5 $2 ({Wrong is} 32. Qd2 $2 Rxb3+ 33. cxb3 Qxb3+ 34. Kc1 Qa3+ 35. Qb2 Bxb2+ 36. Rxb2 Qa1+ 37. Kd2 Qxb2+ $19) (32. Qxc3 $11 {and White is okay.} Bxc3 33. Bxf5) 32... Rxd3 $19 33. Bxd3 {[#]} Qb4 $1 34. Re4 Qa3 {[%csl Gf6][%cal Ra3b2]} 35. Re5 Bxa4 $40 {[%mdl 128] Black has strong attack.} 36. Nxa5 Qb4+ {[%mdl 64] Double Attack} 37. Nb3 Bxb3 38. cxb3 Qxb3+ 39. Kc1 Bxe5 40. fxe5 {[%mdl 4096] Endgame KQ-KRB} Ke8 41. Rd2 {Now Bg6+ and White clings on.} Kd7 42. h3 $2 (42. Be4) 42... Qc3+ {Black is clearly winning.} 43. Kd1 Qa1+ 44. Ke2 Qxe5+ 45. Kf3 Qf6+ 46. Ke2 Kxd6 47. Be4+ Ke5 48. Ba8 Kf4 49. Kf2 Qh4+ 50. Ke2 Qxh3 51. Rd4+ Kf5 52. Bf3 Qh2+ 53. Kf1 e5 54. Re4 Qg3 {Accuracy: White = 41%, Black = 63%.} 0-1

[Event "Moscow Open RSSU Cup 2019"]
[Site "Moscow"]
[Date "2019.02.02"]
[Round "8"]
[White "Mozharov, Mikhail"]
[Black "Grachev, Boris"]
[Result "1/2-1/2"]
[WhiteElo "2549"]
[BlackElo "2626"]
[Annotator "TA"]
[PlyCount "37"]
[EventDate "2019.01.26"]
[EventType "swiss"]
[EventCountry "RUS"]
[SourceTitle "playchess.com"]
[Source "ChessBase"]
[SourceQuality "1"]

{[%evp 24,37,0,0,0,0,0,0,0,0,0,0,0,0,0,0]} 1. e4 e5 2. Nf3 Nc6 3. Bb5 {[%cal Bf1b5,Bb5a4,Ba4b3,Bb3d5,Bd5c4][%mdl 32]} a6 4. Ba4 Nf6 5. O-O b5 6. Bb3 Bb7 7. c3 Nxe4 8. d4 exd4 9. Re1 {C78: Ruy Lopez: Archangelsk and Möller Defences} d5 10. Ng5 Qf6 11. Bxd5 Qxf2+ 12. Kh1 O-O-O 13. Nxe4 {LiveBook: 6 Games. The position is equal.} Qf5 14. c4 (14. Bb3 dxc3 15. Qf3 Qxf3 16. gxf3 Ne5 17. Nbxc3 {0-1 (40) Pruijssers,R (2514)-Praggnanandhaa,R (2529) Ortisei 2018}) 14... bxc4 15. Bxc4 {aiming for Ng5.} Ne5 16. Ng3 $1 {[%cal Rg3f5]} Qf2 $146 {[%csl Gf2][%cal Rb7g2] [#]} ({Predecessor:} 16... Qf6 17. Bd3 {½-½ (19) Batsuren,D (2042)-Praggnanandhaa,R (2376) Ulaanbaatar 2016}) 17. Ne4 Qf5 18. Ng3 $1 {[%cal Rg3f5]} Qf2 {[%csl Gf2][%cal Rb7g2]} 19. Ne4 1/2-1/2

[Event "Moscow Open RSSU Cup 2019"]
[Site "Moscow"]
[Date "2019.02.02"]
[Round "8"]
[White "Korneev, Oleg"]
[Black "Timofeev, Artyom"]
[Result "1/2-1/2"]
[WhiteElo "2545"]
[BlackElo "2592"]
[Annotator "TA"]
[PlyCount "109"]
[EventDate "2019.01.26"]
[EventType "swiss"]
[EventCountry "RUS"]
[SourceTitle "playchess.com"]
[Source "ChessBase"]
[SourceQuality "1"]

{[%evp 21,109,26,28,-14,25,47,39,9,49,31,33,31,28,20,29,25,18,18,14,13,20,13,16,23,17,0,0,14,0,-58,-41,-55,-41,-25,0,0,0,0,0,0,0,0,0,0,0,0,0,0,0,0,0,0,0,0,0,0,0,0,0,0,0,0,0,0,0,0,0,0,0,0,0,0,0,0,0,0,0,0,0,0,0,0,0,0,0,0,0,0,0,0]} 1. e4 e6 2. d4 d5 3. Nd2 dxe4 ({Predecessor:} 3... Be7 4. c3 dxe4 5. Nxe4 Nd7 6. Nf3 Ngf6 7. Nxf6+ {½-½ (20) Berelowitsch,A (2495)-Totsky,L (2490) Bucharest 1998}) 4. Nxe4 Nd7 5. Nf3 Ngf6 6. Nxf6+ Nxf6 7. c3 Be7 8. Bd3 O-O 9. Qc2 $146 (9. Bg5 b6 {½-½ (15) Kovalev,V (2598)-Cordova,E (2655) Moscow 2017}) 9... b6 10. Bg5 h6 11. Bxf6 Bxf6 12. Bh7+ {C13: French: Classical System: 4 Bg5 Be7, Alekhine-Chatard Attack} Kh8 {Black wants to play ...g6.} 13. Be4 Rb8 14. O-O-O {White is slightly better.} Bb7 15. Bxb7 (15. Rhe1 Bd5 {½-½ (15) Kovalev,V (2598)-Cordova,E (2655) Moscow 2017}) 15... Rxb7 16. Qe4 Qd5 17. Qxd5 exd5 18. Rhe1 c6 19. Ne5 ({Predecessor:} 19. Kc2 Kg8 20. Ne5 Rc8 {½-½ (20) Berelowitsch,A (2495)-Totsky,L (2490) Bucharest 1998}) 19... Rc8 20. f4 h5 21. g3 g6 22. h3 Kg7 23. g4 hxg4 24. hxg4 g5 25. f5 (25. fxg5 $11 Bxg5+ 26. Kb1) 25... c5 $1 $15 {[%cal Rc5d4] Strongly threatening ...cxd4.} 26. Kd2 Re7 27. Nf3 cxd4 28. cxd4 {The position is equal.} Re4 29. Rxe4 dxe4 30. Ne5 Bxe5 $1 31. dxe5 $11 {[%mdl 4096] Endgame KR-KR} Rc5 32. Ke3 Rxe5 33. b4 Kf6 34. Rd4 Ke7 35. a4 a6 {[%cal Ba7a6,Ba6a5][%mdl 32]} 36. Rd1 a5 37. b5 Rc5 38. Rd4 Rc3+ 39. Kxe4 f6 40. Kd5 Rc5+ 41. Ke4 Re5+ 42. Kd3 Re1 {[#] And now ...Rd1+ would win.} 43. Kd2 Re5 44. Rc4 Rd5+ 45. Ke3 Rd6 46. Rc7+ Kd8 47. Rf7 Ke8 48. Rb7 Kd8 49. Ke4 Ke8 50. Rc7 Kd8 51. Rc6 Kd7 52. Rxd6+ Kxd6 53. Kd4 Kc7 {[#] aiming for ...Kd6.} 54. Kd5 {Intending Ke6 and mate.} Kd7 55. Ke4 {Accuracy: White = 59%, Black = 79%.} 1/2-1/2

[Event "Moscow Open RSSU Cup 2019"]
[Site "Moscow"]
[Date "2019.02.02"]
[Round "8"]
[White "Zakhartsov, Vladimir"]
[Black "Bryakin, Mikhail"]
[Result "1-0"]
[WhiteElo "2483"]
[BlackElo "2426"]
[Annotator "TA"]
[PlyCount "107"]
[EventDate "2019.01.26"]
[EventType "swiss"]
[EventCountry "RUS"]
[SourceTitle "playchess.com"]
[Source "ChessBase"]
[SourceQuality "1"]

{[%evp 15,107,52,47,50,54,48,43,48,51,41,25,30,39,18,20,16,14,17,14,16,27,31,28,19,45,30,39,40,38,0,30,29,28,28,28,28,33,31,33,35,29,22,72,63,79,72,140,118,111,75,86,84,91,17,26,9,11,11,11,11,13,11,11,23,275,278,250,247,266,264,264,264,257,130,258,258,297,291,275,258,243,251,203,268,233,147,140,36,5187,5081,29973,29967,29990,29991]} 1. d4 d5 ({Predecessor:} 1... Nf6 2. Nf3 d5 3. c4 c6 4. e3 g6 {½-½ (84) Antic,D (2503)-Stoinev,M (2268) Plovdiv 2010}) 2. c4 c6 3. Nc3 Nf6 4. e3 $146 (4. Nf3 a6 5. e3 g6 6. a4 a5 7. Be2 Bg7 8. O-O {½-½ (41) Mamedyarov,S (2791)-Kamsky,G (2676) Sochi 2017}) 4... g6 5. Nf3 Bg7 6. Be2 O-O 7. O-O a6 8. a4 a5 9. cxd5 {D94: Grünfeld: 4 Nf3 Bg7 5 e3} (9. b3 Bg4 10. Ba3 Bxf3 11. Bxf3 Re8 12. cxd5 cxd5 13. Qd3 e6 14. Nb5 Bf8 15. Bxf8 Rxf8 16. e4 dxe4 17. Bxe4 {½-½ (41) Mamedyarov,S (2791)-Kamsky,G (2676) Sochi 2017}) 9... Nxd5 10. e4 Nb4 11. Be3 {White is slightly better.} Bg4 12. Ne5 Bxe2 13. Qxe2 Nd7 14. Nc4 (14. f4 {feels hotter.} e6 15. Rad1 Qe7 16. Bf2 f5 17. Bh4) ({Predecessor:} 14. Nf3 e5 15. d5 cxd5 16. exd5 h6 {½-½ (84) Antic,D (2503)-Stoinev,M (2268) Plovdiv 2010}) 14... Nb6 15. Rad1 Nxc4 16. Qxc4 Qd7 17. Rd2 Rfc8 18. h3 e6 19. Rfd1 Kh8 20. Bf4 Rd8 21. Bg5 Rdc8 22. Bf4 Rd8 23. Kh2 Qe7 24. d5 cxd5 25. exd5 exd5 26. Nxd5 Nxd5 27. Rxd5 Rxd5 28. Qxd5 Kg8 29. b3 $1 h5 30. Rd3 Qb4 ({Black should play} 30... Bf8) 31. Bd6 $16 Qe1 32. Bg3 Re8 33. Qxb7 Qa1 34. Re3 (34. Bf4 $16) 34... Rxe3 $11 35. fxe3 {Qa8+ is the strong threat.} (35. Qc8+ {is more complex.} Kh7 36. fxe3 Be5 37. Bf4 Qb2 38. Qb7) 35... Qc3 36. Qa8+ Kh7 37. Qd5 $36 {[%mdl 2048] White has the initiative.} Kg8 $1 38. Bf4 Bf6 $1 39. Qc4 Qe1 $2 {[%mdl 8192]} (39... Qb2 $11 {and Black stays safe.}) 40. Qc8+ $18 Kg7 41. Bd6 $1 {White threatens Qf8+ and mate.} Qxe3 42. Qf8+ Kh7 43. Qxf7+ {[%mdl 64] Double Attack} Bg7 44. Qc7 $1 Qxb3 (44... Qd4 $16 45. Bg3 Qc3) 45. Qxa5 Qd1 46. Qc7 {White wants to mate with Be5.} Kg8 47. Qd8+ Kh7 48. Qe7 {Threatening mate with Be5.} Kg8 49. Qe8+ Kh7 50. Bg3 Bd4 {[%csl Gd4][%cal Rd1g1] [#]} 51. Qd7+ (51. Be1 $1 $16) 51... Kg8 $2 {[%mdl 8192] [#]} (51... Kh8 $14 52. Qe8+ Kh7) 52. Qd5+ $1 Kh7 {[#]} 53. Bf2 $1 {[%mdl 576] Pin} Qh1+ (53... Bxf2 54. Qxd1) 54. Kxh1 {Accuracy: White = 78%, Black = 51%.} 1-0

[Event "Moscow Open RSSU Cup 2019"]
[Site "Moscow"]
[Date "2019.02.02"]
[Round "8"]
[White "Fakhrutdinov, Timur"]
[Black "Soumya, Swaminathan"]
[Result "1-0"]
[WhiteElo "2481"]
[BlackElo "2416"]
[Annotator "TA"]
[PlyCount "183"]
[EventDate "2019.01.26"]
[EventType "swiss"]
[EventCountry "RUS"]
[SourceTitle "playchess.com"]
[Source "ChessBase"]
[SourceQuality "1"]

{[%evp 16,183,28,28,23,24,37,37,29,0,8,14,38,18,16,18,26,-28,33,33,30,29,44,15,28,16,22,4,4,4,7,4,10,2,6,0,2,0,14,0,0,0,0,0,12,0,2,6,15,15,17,26,14,22,19,13,17,15,21,17,21,16,15,6,13,0,0,0,0,0,0,0,0,0,0,0,0,0,0,0,0,0,0,0,0,0,0,0,6,0,34,30,195,211,297,162,376,380,364,315,333,222,295,282,281,286,247,233,203,0,0,0,0,0,8,0,0,0,18,45,818,647,532,89,89,101,92,101,86,93,101,87,470,93,747,747,725,629,2075,2069,1906,1881,1656,1563,1360,1281,1906,1743,1518,1008,984,892,29970,29971,29970,29970,29970,29971,29973,29972,29974,29975,29966,29941,29976,29975,29975,29976,29978,29979]} 1. e4 c5 2. Nf3 Nc6 $146 ({Predecessor:} 2... e6 3. d4 cxd4 4. Nxd4 {1-0 (45) Hou,Y (2663)-Potkin,V (2597) Almaty 2016}) 3. d4 cxd4 4. Nxd4 e6 5. Nc3 Qc7 6. Be3 a6 7. a3 ({Predecessor:} 7. Be2 b5 8. Nxc6 Qxc6 {1-0 (45) Hou,Y (2663)-Potkin,V (2597) Almaty 2016}) 7... b5 8. Nxc6 Qxc6 9. Be2 Bb7 {B49: Sicilian: Taimanov: 5 Nc3 Qc7 6 Be3 a6 7 Be2} 10. O-O ({Predecessor:} 10. Qd2 Rc8 {1-0 (45) Hou,Y (2663)-Potkin,V (2597) Almaty 2016}) 10... Rc8 11. Qd2 Nf6 {White is slightly better.} 12. f3 ({Predecessor:} 12. Bf3 Qc7 13. Bf4 e5 14. Bg5 Be7 15. Bxf6 Bxf6 16. Rfd1 Rd8 17. Qe2 {1-0 (45) Hou,Y (2663)-Potkin,V (2597) Almaty 2016}) 12... Qc7 13. Rfd1 Bc5 (13... d5 {feels hotter.} 14. exd5 Bd6 15. h3 exd5 16. Bd4 Bf4) 14. Kh1 Bxe3 15. Qxe3 O-O 16. Qd4 (16. a4 $142) 16... e5 (16... d5 $11) 17. Qd6 $14 Qxd6 18. Rxd6 Rc6 19. Rxc6 (19. Rad1 {looks sharper.} Rfc8 20. R6d2 h6 21. Kg1 Kf8 22. Bf1) 19... dxc6 20. Rd1 Rb8 21. Na2 Kf8 22. Nc1 Ke7 23. Nb3 Nd7 24. Kg1 Nf8 25. Kf2 Ne6 26. Ke3 Rd8 27. Rc1 Bc8 28. g3 g5 29. Bf1 Bd7 30. Rd1 Bc8 31. Rxd8 Nxd8 $11 {[%mdl 4096] Endgame KBN-KBN} 32. f4 gxf4+ 33. gxf4 exf4+ 34. Kxf4 Ne6+ 35. Ke3 Kd6 36. Bh3 Bd7 37. Nd2 c5 38. b4 c4 39. Nf3 f6 40. Bxe6 Bxe6 {KB-KN} 41. Kf4 Bc8 42. Nd2 Bh3 43. Nb1 Bd7 44. Nc3 Ke6 45. Nd1 Kd6 46. Ne3 Ke6 47. Ng2 Kd6 48. Nh4 Bc8 49. Ke3 Bg4 50. Kd4 Be6 51. Ng2 Bc8 52. Ne3 Bb7 53. Nd1 Bc8 $2 (53... Ba8 $1 $11) 54. Nc3 $1 $18 Bb7 (54... h6 {keeps fighting.} 55. a4 bxa4) 55. a4 $1 {[%cal Ba3a4,Ba4a5][%mdl 32]} Bc6 56. a5 Bb7 57. Nd1 Bc8 58. Ne3 Bb7 59. Nf5+ Ke6 60. Nh4 Kd6 61. Nf3 Bc8 62. e5+ $2 ({White should play} 62. Ne1 $18) 62... fxe5+ $11 63. Nxe5 Bf5 64. c3 Be6 65. Ke4 Bc8 66. Kf4 Kd5 67. Nf7 Bd7 $2 {[%mdl 8192]} (67... h5 $14) 68. Ng5 $18 h6 69. Nf7 $2 (69. Ne4 $18 {Black must now prevent Nf6+.} Bc8 70. Nc5) 69... h5 $16 70. h4 $1 {Threatens to win with Ng5.} Bh3 71. Ng5 $1 {[%cal Rg5h3]} Bg2 72. Kf5 Bf1 73. Nf3 $1 Be2 $2 {[%mdl 8192]} (73... Bg2 $16 74. Nd4 Bf1) 74. Nd4 $2 (74. Ne5 $1 $18 {is the precise move to win.} Bf1 75. Kf4) 74... Bd1 $2 {[%mdl 8192] [#]} (74... Bd3+ $16 75. Kf4 Kd6 76. Nf5+ Kd5) 75. Kf4 $1 $18 Bg4 76. Nc2 {Hoping for Ne3+.} Be2 77. Ne3+ Ke6 78. Nf5 Bg4 {[#]} 79. Ng3 $1 Kd5 80. Ne4 Kc6 81. Nc5 Bc8 82. Ke5 Kc7 83. Kd5 Kb8 84. Kc6 {White mates.} Ka7 85. Kc7 Bf5 86. Nb7 Be4 87. Nd8 Bf3 88. Nc6+ Ka8 89. Kb6 Bd5 90. Ne5 Bb7 91. Nd7 Bc8 92. Nc5 {Accuracy: White = 63%, Black = 57%.} 1-0

[Event "Moscow Open RSSU Cup 2019"]
[Site "Moscow"]
[Date "2019.02.02"]
[Round "8"]
[White "Urazayev, Arystanbek"]
[Black "Suleymenov, Alisher"]
[Result "1-0"]
[WhiteElo "2450"]
[BlackElo "2404"]
[Annotator "TA"]
[PlyCount "107"]
[EventDate "2019.01.26"]
[EventType "swiss"]
[EventCountry "RUS"]
[SourceTitle "playchess.com"]
[Source "ChessBase"]
[SourceQuality "1"]

{[%evp 20,107,26,21,33,31,29,37,35,15,25,25,63,68,72,43,68,54,105,73,74,56,104,100,151,151,132,113,187,162,167,163,205,209,264,267,291,282,284,279,279,278,284,243,231,239,372,355,350,341,360,366,412,403,417,404,517,510,731,539,930,848,864,719,732,732,728,711,761,758,810,793,600,604,827,833,29975,29976,29995,29991,29995,29994,29994,29995,29995,29996,29996,29997,29997,5835]} 1. g3 $146 ({Predecessor:} 1. e4 c5 2. d3 Nc6 3. g3 g6 4. Bg2 Bg7 5. f4 d6 6. Nf3 e6 {1-0 (30) Amin,B (2686)-Kryakvin,D (2595) Hoogeveen 2018}) 1... c5 2. Bg2 g6 3. e4 Bg7 4. f4 Nc6 5. Nf3 d6 6. O-O e6 7. d3 Nge7 8. c3 O-O 9. Be3 b6 10. Na3 ({Predecessor:} 10. Re1 Ba6 11. d4 Rc8 {1-0 (30) Amin,B (2686)-Kryakvin,D (2595) Hoogeveen 2018}) 10... Ba6 11. Re1 Rc8 {B20: Sicilian: Unusual White 2nd moves} 12. d4 cxd4 13. Nxd4 Nxd4 {White is slightly better.} 14. Bxd4 e5 15. Be3 Qc7 ({Predecessor:} 15... Qd7 16. Qd2 f5 17. fxe5 Bxe5 18. Bf4 Bxf4 19. Qxf4 fxe4 20. Qxe4 {1-0 (30) Amin,B (2686)-Kryakvin,D (2595) Hoogeveen 2018}) 16. Qa4 Qb7 17. Nb5 $36 {[%mdl 2048] White has some pressure.} Rcd8 18. Rad1 Nc8 (18... Bxb5 $14 19. Qxb5 Qc7) 19. Bf1 Bxb5 20. Bxb5 Ne7 21. Rd2 {[%cal Bd1d2,Bd2e2,Be2e3][%mdl 32]} d5 {[#]} ({Black should play} 21... Bh6) 22. exd5 $1 $16 Nf5 23. Bc6 Qc8 (23... Qc7 $16 24. fxe5 Bxe5) 24. Rde2 Nxe3 25. Rxe3 Qg4 26. Re4 (26. Qxa7 exf4 27. Qa4 g5) 26... f5 27. Bd7 Qf3 28. Be6+ Kh8 29. R4e3 Qg4 30. Rxe5 (30. Qxa7 exf4 31. Re4 g5 $16) 30... b5 31. Qxa7 {R5e2 is the strong threat.} Bxe5 32. Rxe5 g5 (32... Qd1+ {was called for.} 33. Kg2 Qd2+ 34. Kh3 (34. Qf2 Qxf2+ 35. Kxf2 Kg7 $16) 34... Ra8) 33. Qd4 $18 {White threatens Rxf5+ and mate.} gxf4 34. Bxf5 {White wants to mate with Re7+.} ({Weaker is} 34. Qxf4 Qxf4 35. gxf4 Kg7 $18) 34... Qg7 35. Qxf4 Qa7+ 36. Kg2 Rf7 37. Qe4 Rdf8 38. d6 Qxa2 39. Rxb5 Qa6 40. Rd5 Qb7 41. Rd2 Qb5 42. Qd4+ Rg7 43. Bd3 Qg5 44. Be4 h5 45. Rf2 Rxf2+ 46. Qxf2 {[%mdl 4096] Endgame KQR-KQB} h4 {If only Black now had time for ...h3+....} 47. Qf5 Qd2+ 48. Kh3 {White mates.} Kg8 49. Bd5+ Kh8 50. Qf8+ Kh7 51. Be4+ Rg6 52. Qf7+ {[%mdl 64] [#] Double Attack, Pin} Kh8 53. Qxg6 {[%csl Ge4][%cal Rg6h7]} Qg2+ 54. Bxg2 {Accuracy: White = 82%, Black = 31%.} ({Inferior is} 54. Kxg2 h3+ 55. Kf3 $11) 1-0